| 000 | 00928nam a22002297a 4500 | ||
|---|---|---|---|
| 999 |
_c16664 _d16664 |
||
| 003 | AR-CdUCM | ||
| 008 | 190504b ||||| |||| 00| 0 spa d | ||
| 040 |
_aMUNICIPALIDAD PROVINCIAL DEL CUSCO _cBIBLIOTECA MUNICIPAL DEL CUSCO |
||
| 041 | _heng | ||
| 082 |
_a070.11 / _bG37 |
||
| 100 |
_aGerald, J. Edward. _936238 |
||
| 245 | _aLa responsabilidad social de la prensa / | ||
| 260 |
_aMéxico : _bLibreros mexicanos unidos, _c1965. |
||
| 300 |
_a328 páginas ; _c19.5 cm. |
||
| 505 | _aContenido: Naturaleza de la difusión popular -- El periodismo como negocio en gran escala -- El hogar natural de la prensa -- El papel que representa el propietario -- El contenido de la difusión popular ... | ||
| 650 |
_aPeriodismo _91929 |
||
| 650 |
_aMedios de comunicación de masas _918863 |
||
| 650 |
_aAspectos sociales _9262 |
||
| 700 |
_aArzac, R. F. (traducción) _936239 |
||
| 942 |
_2ddc _cLIBROS |
||
| 945 |
_aachl _d2019-05-04 |
||